| 000 | 00946cam a22003014a 4500 | ||
|---|---|---|---|
| 999 |
_c29482 _d29481 |
||
| 001 | 11968924 | ||
| 003 | OSt | ||
| 005 | 20210225153046.0 | ||
| 008 | 000407s2000 nyua 001 0 eng | ||
| 010 | _a 00030312 | ||
| 020 | _a0789459728 | ||
| 040 |
_aMMU _cMMU _dMMU _beng |
||
| 042 | _apcc | ||
| 050 | 0 | 0 |
_aHD30.28 _b.B784 2000 |
| 082 | 0 | 0 |
_a658.4/012 _221 |
| 100 | 1 | _aBruce, Andy. | |
| 245 | 1 | 0 |
_aStrategic thinking / _cAndy Bruce & Ken Langdon. |
| 250 | _a1st American ed. | ||
| 260 |
_aNew York : _bDorling Kindersley, _c2000. |
||
| 300 |
_a72 p. : _bill. ; _c18 cm. |
||
| 440 | 0 | _aEssential managers | |
| 500 | _aIncludes index. | ||
| 650 | 0 | _aStrategic planning. | |
| 700 | 1 | _aLangdon, Ken. | |
| 906 |
_a7 _bcbc _corignew _d1 _eocip _f20 _gy-gencatlg |
||
| 942 |
_2lcc _cLOAN LOAN |
||